|
|
|
|
| LEADER |
00761nam a2200205 i 4500 |
| 001 |
c000029555 |
| 003 |
CARM |
| 005 |
00000000000000.0 |
| 008 |
850626s1951 pe 0 eng d |
| 019 |
1 |
|
|a 9256027
|5 LACONCORD2021
|
| 035 |
|
|
|a (OCoLC)34458697
|5 LACONCORD2021
|
| 100 |
1 |
|
|a Tauro, Alberto,
|d 1914-
|
| 245 |
1 |
0 |
|a Fundacion de la Biblioteca National.
|
| 260 |
|
|
|a Lima,
|c 1951.
|
| 300 |
|
|
|a 35 p.
|
| 500 |
|
|
|a Offprint from Anuario bibliografico peruana, 1948.
|
| 610 |
1 |
0 |
|a Peru .
|b Biblioteca National, Lima
|x History.
|
| 852 |
8 |
|
|b CARM
|h A2:AE07D0
|i C00259
|p 0020722
|f BK
|
| 999 |
f |
f |
|i 35f2d970-6389-55d1-b396-549d4517cb38
|s 6de72507-7a06-5e4d-8d80-b31a42b44c32
|
| 952 |
f |
f |
|p Can circulate
|a CAVAL
|b CAVAL
|c CAVAL
|d CARM 1 Store
|e C00259
|f A2:AE07D0
|h Other scheme
|i book
|m 0020722
|